Phân tích hoạt động doanh nghiệp

Shranjeno v:
Bibliografske podrobnosti
Glavni avtor: Nguyễn, Tấn Bình
Format: Knjiga
Jezik:Undetermined
Izdano: Thành phố Hồ Chí Minh Thống kê 2004
Teme:
Oznake: Označite
Brez oznak, prvi označite!
Thư viện lưu trữ: Trung tâm Học liệu Trường Đại học Cần Thơ
LEADER 00564nam a2200193Ia 4500
001 CTU_64417
008 210402s9999 xx 000 0 und d
020 |b 58000 
082 |a 658.15 
082 |b B312 
100 |a Nguyễn, Tấn Bình 
245 0 |a Phân tích hoạt động doanh nghiệp 
245 0 |c Nguyễn Tấn Bình 
260 |a Thành phố Hồ Chí Minh 
260 |b Thống kê 
260 |c 2004 
650 |a Cost acounting 
904 |i Nguyênsửa 
980 |a Trung tâm Học liệu Trường Đại học Cần Thơ